| 000 | 01167cam a2200349 4500 | ||
|---|---|---|---|
| 999 |
_c23399 _d23399 |
||
| 001 | vtls011999462 | ||
| 005 | 20221006124906.0 | ||
| 008 | 201022s2020 xo gr 000 f slo | ||
| 020 |
_a9788055644639 _q(viazané) |
||
| 040 |
_aZKSE _bslo _cZKSE _dSNK _erda |
||
| 041 | 1 |
_aslo _heng |
|
| 044 |
_axo _cSK |
||
| 072 | 7 |
_a821.111(73)-3 _xAmerická próza _2konspekt |
|
| 080 |
_a821.111(73)-31 _22011 |
||
| 080 |
_a(0:82-311.6) _22011 |
||
| 100 | 1 |
_aHarris, Robert, _d1957- _4aut _93621 |
|
| 240 | 1 | 0 |
_aFatherland _lSlovensky |
| 245 | 1 | 0 |
_aVaterland _bvíťazná ríša _cRobert Harris ; z angličtiny preložil Viktor Krupa |
| 264 | 1 |
_aBratislava _bSlovart _c2020 |
|
| 300 |
_a319 strán _c24 cm |
||
| 336 |
_atext _btxt _2rdacontent |
||
| 337 |
_abez média _bn _2rdamedia |
||
| 338 |
_azväzok _bnc _2rdacarrier |
||
| 500 | _aObsahuje biografické údaje o autorovi na záložke prebalu publikácie | ||
| 655 | 7 |
_aamerické romány _2SNKPH _92 |
|
| 655 | 7 |
_avojnové romány _2SNKPH _93067 |
|
| 655 | 7 |
_aAmerican novels _2SNKPHeng _91670 |
|
| 655 | 7 |
_aWar novels _2SNKPHeng _93068 |
|
| 700 | 1 |
_aKrupa, Viktor, _d1936-2021 _4trl _93622 |
|
| 958 | _aLX | ||
| 958 | _aUP | ||